000 00371nam a2200145Ia 4500
008 230711s9999||||xx |||||||||||||| ||und||
041 _aENG
082 _a4
_bAN-N
100 _aKosko,Bart
245 0 _aNeural Networks and Fuzzy Systems
250 _a1st . Ed.
260 _c1998
_aNew Delhi
_bPHI Learning Private Limited
650 _aComputer Engineering
942 _cBK
999 _c3686
_d3686